Liber homo bona fide serviens

Saved in:
Bibliografiske detaljer
Hovedforfatter: Reggi, Roberto (Author)
Format: Bog
Sprog:italiensk
Udgivet: Milán Dott. A. Giuffrè 1958
Serier:Pubblicazioni della Facoltá di Giurisprudenza, 9
Fag:
Tags: Tilføj Tag
Ingen Tags, Vær først til at tagge denne postø!

MARC

LEADER 00000nam a2200000 a 4500
001 UCR1720
003 CL-VaPUC
008 971219e19580000IT |||||||||||||||||ita|d
082 0 4 |a 340.54  |b REG  |2 21 
100 0 |a Reggi, Roberto  |e author  |9 399122 
245 1 0 |a Liber homo bona fide serviens 
300 |a 481 p 
942 |c BK 
945 |d 19971219 00:00:00  |a aolguin 
260 |a Milán  |b Dott. A. Giuffrè  |c 1958 
650 0 |a Derecho romano  |9 255930 
650 0 |a Propiedad   |9 255268 
650 0 |a Bienes  |9 255749 
650 0 |a Adquisición de la propiedad   |9 258291 
650 0 |a Obligaciones   |9 255578 
650 0 |a Contratos  |9 255153 
650 7 |a MALA FE  |2 CL-VaPUC  |9 399124 
650 0 |a Buena fe   |9 383961 
650 0 |a Compraventa  |9 255413 
650 0 |a Herencia  |9 256325 
650 0 |a Adquisición de la propiedad   |9 258291 
650 0 |a Fiducia  |9 257745 
650 7 |a FUENTES  |2 CL-VaPUC  |9 255666 
650 0 |a Historia  |9 255047 
583 |a last modification  |c 19971219 00:00:00  |k Rodrigo Vera 
490 0 |a Pubblicazioni della Facoltá di Giurisprudenza, 9 
999 |c 265087  |d 265085 
952 |0 0  |1 0  |4 0  |6 340_540000000000000_REG_1958  |7 0  |8 DER_ROM  |9 295878  |a BIBDER  |b BIBDER  |d 2019-11-20  |i 1918788  |o 340.54 REG 1958  |p 1918788  |r 2023-01-25  |w 2019-11-20  |x Ubicación 4to piso  |y BK  |z Este recurso debe solicitarse con anticipación  |k DER